| 000 | 01408nam a2200373 a 4500 | ||
|---|---|---|---|
| 001 | ebr10288715 | ||
| 003 | CaPaEBR | ||
| 006 | m u | ||
| 007 | cr cn||||||||| | ||
| 008 | 080411s2008 ilu s 000 0 eng | ||
| 010 | _z 2008016691 | ||
| 015 |
_aGBA890576 _2bnb |
||
| 016 | 7 |
_z014673863 _2Uk |
|
| 020 | _z0226887510 (cloth : alk. paper) | ||
| 020 | _z9780226887517 (cloth : alk. paper) | ||
| 020 | _z0226887529 (pbk. : alk. paper) | ||
| 020 | _z9780226887524 (pbk. : alk. paper) | ||
| 040 |
_aCaPaEBR _cCaPaEBR |
||
| 035 | _a(OCoLC)435820218 | ||
| 043 | _an-us--- | ||
| 050 | 1 | 4 |
_aGN345 _b.W47 2008eb |
| 082 | 0 | 4 |
_a305.8001 _222 |
| 100 | 1 | _aWestbrook, David A. | |
| 245 | 1 | 0 |
_aNavigators of the contemporary _h[electronic resource] : _bwhy ethnography matters / _cDavid A. Westbrook. |
| 260 |
_aChicago : _bUniversity of Chicago Press, _c2008. |
||
| 300 |
_ax, 152 p. ; _c23 cm. |
||
| 533 |
_aElectronic reproduction. _bPalo Alto, Calif. : _cebrary, _d2009. _nAvailable via World Wide Web. _nAccess may be limited to ebrary affiliated libraries. |
||
| 650 | 0 |
_aEthnology _xPhilosophy. |
|
| 650 | 0 |
_aEthnology _zUnited States. |
|
| 650 | 0 |
_aApplied anthropology _xPhilosophy. |
|
| 655 | 7 |
_aElectronic books. _2local |
|
| 710 | 2 | _aebrary, Inc. | |
| 856 | 4 | 0 |
_uhttp://site.ebrary.com/lib/rucke/Doc?id=10288715 _zAn electronic book accessible through the World Wide Web; click to view |
| 999 |
_c15539 _d15539 |
||